| 000 | 00950nam2a22002411 4500 | ||
|---|---|---|---|
| 001 | v19\rc\1803712 | ||
| 005 | 20250619123742.0 | ||
| 035 | _a(NLR Aleph) 004905190 | ||
| 090 |
_a5418002 _c5418002 |
||
| 100 | _a20071224d1906 |||y0rusy50 ca | ||
| 101 | 0 | _arus | |
| 102 | _aRU | ||
| 105 | _ay z ||||| | ||
| 200 | 1 | _aПолитико-экономические вопросы | |
| 210 |
_d1906 _aБ. м. |
||
| 215 | _a36 стб., вкл. 2 с. обл. | ||
| 461 | 0 |
_1001v19\rc\1803711 _12001#$aКраткий перечень книг$e№ 1-$fКн. маг. В.Г. Зихмана. Рига...$v№ 1 _95417995 _aЗихман, К.Г., кн. маг. и кн-во (Рига) _cРига _d1906 _fКн. маг. В.Г. Зихмана. Рига... _o№ 1- _tКраткий перечень книг _v№ 1 |
|
| 801 | 0 |
_aRU _bNLR _gpsbo |
|
| 801 | 0 |
_aRU _bRuMoRGB _2psbo |
|
| 801 | 1 |
_aRU _bProSoft-M _2rusmarc |
|
| 852 |
_aNLR _j18.267.2.12 |
||
| 942 | _cBOOK | ||
| 980 | _aNB | ||